000 00535nam a22001817a 4500
005 20251108165933.0
008 250721s2000 xx 000 0 ara d
082 1 4 _a371.9/روس
100 1 _aالروسان، فاروق
245 1 0 _aمقدمة في الإضطرابات اللغوية /
264 1 _aالرياض :
_bدار الزهراء،
_c2000.
300 _a315ص
650 1 7 _aالمهارات
650 1 7 _aالنمو اللغوي
650 1 7 _aالإضطربات اللغوية
942 _2ddc
_cBK
999 _c35290
_d35290